000 00350nam a2200145 a 4500
005 20140412111329.0
008 110115s19uu xx 00 eng d
020 _a0-02-180945-3
050 _aBB
_bMy91 1989
100 _aGomi, Taro
245 _aMy Friends /
_cTaro Gomi.
260 _aNY :
_bMacmillan,
_c1989.
300 _a34p.
999 _c104806
_d104806